Estadísticas para Los fichajes más caros del fútbol - Temporada 2017-2018

Haz click aquí para intentar la prueba.

Estadísticas generales

  • Esta prueba ha sido intentada 40 veces
  • La puntuación promedio es 9 de 10

Estadísticas de respuestas

Coste (M €)NacionalidadÚltimo clubNuevo clubJugador% Correcto
222,00BrasilFC BarcelonaPSGNeymar
100%
135,00FranciaBorussia DortmundFC BarcelonaOusmane Dembélé
100%
63,75Francia / GabónBorussia DortmundArsenalPierre-Emerick Aubameyang
100%
135,00BrasilLiverpoolFC BarcelonaPhilippe Coutinho
97%
84,65Paijes BssosSouthamptonLiverpoolVirgil van Dijk
97%
65,00Francia / EspañaAthleticManchester CityAymeric Laporte
95%
60,00Brasil / EspañaChelseaAtlético MadridDiego Costa
89%
84,70BélgicaEvertonManchester UnitedRomelu Lukaku
86%
66,00EspañaReal MadridChelseaÁlvaro Morata
81%
57,50FranciaMónacoManchester CityBenjamin Mendy
68%

Distribución de puntuación

Porcentaje por número respondido

Porcentaje de gente con cada puntuación

Historial de tus puntuaciones

No has intentado esta prueba.